| 000 | 01232cam a22003497a 4500 | ||
|---|---|---|---|
| 005 | 20220329141206.0 | ||
| 008 | 971010s1989 r 00010 d | ||
| 010 | _a64105 | ||
| 011 | _a65077 | ||
| 035 | _a71238 | ||
| 090 | _aT446 | ||
| 090 | _aTesis | ||
| 100 | 0 | 0 |
_aTovar Luna, Ignacio. _9114409 |
| 245 | 0 | _aPastoreo mixto con ovinos y bovinos en un pastizal en bosque de pino | |
| 260 |
_aChapingo, Méx. : _bEl autor, _c1989 |
||
| 300 |
_a85 h. _b; gráfs. |
||
| 502 | _aTesis (Maestro en Ciencias Esp. en Producción Animal) -- UACH. Departamento de Zootecnia | ||
| 590 |
_aALEPH _b10 _c20130110 _lUCH01 _h1349 |
||
| 590 |
_aBATCH-UPD _b10 _c20130110 _lUCH01 _h0455 |
||
| 590 |
_aBATCH-UPD _b10 _c20130110 _lUCH01 _h2243 |
||
| 590 |
_aBATCH-UPD _b10 _c20130410 _lUCH01 _h0132 |
||
| 590 |
_aBATCH-UPD _b10 _c20130913 _lUCH01 _h2228 |
||
| 590 |
_aCONVERSION _b10 _c20130109 _lUCH01 _h1335 |
||
| 650 | 1 | 4 |
_aAgricultura y ganadería. _92074 |
| 650 | 1 | 4 |
_aGanado lanar _xPastoreo. _945209 |
| 650 | 1 | 4 |
_aGanado vacuno _xPastoreo. _945502 |
| 650 | 1 | 4 |
_aPináceas. _988210 |
| 650 | 1 | 4 |
_aPinus hartwegii. _988340 |
| 710 | 0 |
_aUACH. Departamento de Zootecnia. _9115904 |
|
| 901 | _aBK | ||
| 949 |
_aT446 _bZ _cTESBD _d-3842 _eTS1 _h700 _i71238 _si |
||
| 999 |
_c64105 _d64105 |
||